1831 1979 1287 1169 1730 1664 1885 1972 1372 1820 1836 1475 1618 1486 1118 1196 1504 1875 1642 1398 1131 1368 1844 1421 1909 1142 1511 1582 1945 1716 1866 1012 1087 1161 1930 1099 1623 1077 1807 1682 1740 1460 1441 1380 1110 1449 1008 1346 1347 1825 1067 1339 1391 1155 1915 1914 1662 1905 1415 1488 1380 1502 1398 1484 1355 1023 1232 1111 1779 1822 1105 1347 1108 1869 1535 1049 1294 1304 1399 1439 1096 1176 1826 1953 1555 1297 1509 1427 1896 1142 1654 1346 1744 1641 1438 1897 1543 1863 1360 BCNSPRNW ULIB Ver.6.0+V

เปลี่ยนเป็นภาษาไทย

Change to English
 แสดงรายละเอียดบรรณานุกรม
  กลับหน้าหลัก

Brief Record : Get Marc (ISO 2709) : E-mail record : QR code < ปิดหน้าต่าง
LEADER : 00000nam 2200000uu 4500
001    13399110950
003     ULIB
008    110614s||||||||th 000 0 tha d
020    9745236977
050  4 AC158^bว586ค 2548
100 0  วิสิทธิ์ โรจน์พจนรัตน์
245 10 ความรู้รอบตัว ฉบับปรับปรุงใหม่ล่าสุด /^cวิสิทธิ์ โรจน์พจนรัตน์, วิทยา ปานะบุตร
260    กรุงเทพฯ :^bพัฒนศึกษา,^c2548
300    472 หน้า
504    บรรณานุกรมท้ายเล่ม
650  4 ความรู้รอบตัว
700 0  วิทยา ปานะบุตร
945    ^p150^l0^i017509
945    ^p150^l0^i017030
995    ทศพร
999 ^a ใช้งานได้ทุกระบบ
รายการนี้ยังไม่มีแท็ก
คุณยังไม่ได้ล็อกอิน คุณสามารถมีกิจกรรมร่วมกับเว็บไซต์ได้ แต่ต้องล็อกอินก่อน ::
  ล็อกอิน

รายการสื่อสารสนเทศ

ลำดับที่ ประเภท เลขเรียก/บาร์โค้ด สถานที่ สถานะ
- ไม่พบข้อมูล -

รายการใกล้เคียง
    หัวเรื่อง [ความรู้รอบตัว]

BibComment


ยังไม่เคยถูกคอมเมนท์

คอมเมนท์ทรัพยากรรายการนี้
  คอมเมนท์: ความรู้รอบตัว ฉบั..


 Copyright 2026. Bcnsprnw @Library